000 01459nam0a22002891 4500
001 rc\3527194
005 20260503053540.0
021 _aRU
_b[71-80076]
035 _a(NLR Aleph) 007626308
090 _a5974977
_c5974977
100 _a20130115d1971 |||y0rusy50 ca
101 0 _arus
102 _aRU
105 _aa z |||a|
200 1 _aПарень в кепке
_eПовести и рассказы
_e[Для сред. и ст. возраста
_fИл.: Ю. Данилов]
210 _aЛенинград
_cДет. лит. [Ленингр. отд-ние]
_d1971
215 _a112 с.
_cил.
_d20
327 1 _aСодерж.: Рассказы: Линия; Парень в кепке; Повести: Весной; Двадцать пять часов в сутки
464 0 _12001#$aЛиния$eРассказ$aПарень в кепке$eРассказ$aВесной$eПовесть$aДвадцать пять часов в сутки$eПовесть
_tДвадцать пять часов в сутки
700 1 _aВасильев
_bП. А.
_cписатель
_f1929-1990
_gПавел Александрович
_9127942
_3RU\NLR\AUTH\770127968
702 1 _4440
_7ca
_8rus
_aДанилов
_bЮ. М.
_cхудожник-иллюстратор
_f1918-
_gЮрий Михайлович
_9156019
_3RU\NLR\AUTH\770156058
801 0 _aRU
_bNLR
_gpsbo
801 1 _aRU
_bELAR
_2rusmarc
852 _aNLR
_j71-3/7609
942 _cBOOK
980 _aNB